Agricultural labour : (Record no. 71941)

MARC details
000 -LEADER
fixed length control field 00814nam a22002297a 4500
005 - DATE AND TIME OF LATEST TRANSACTION
control field 20121207121130.0
008 - FIXED-LENGTH DATA ELEMENTS--GENERAL INFORMATION
fixed length control field 121207t xxu||||| |||| 00| 0 eng d
010 ## - LCCN (DPL NO)
LC control number ENG-106283
020 ## - INTERNATIONAL STANDARD BOOK NUMBER
International Standard Book Number 9788184841909
Terms of availability 850.00
035 ## - SYSTEM CONTROL NUMBER
System control number EN-89816
037 ## - SOURCE OF ACQUISITION
Source of stock number/acquisition DBAD/PUB
040 ## - CATALOGING SOURCE
Original cataloging agency DPL
Language of cataloging Eng
082 ## - DEWEY DECIMAL CLASSIFICATION NUMBER
Classification number 331.763
100 ## - MAIN ENTRY--PERSONAL NAME
9 (RLIN) 54009
Personal name Chhina, S.S.
245 ## - TITLE STATEMENT
Title Agricultural labour :
Statement of responsibility, etc by S.S. Chhina
Remainder of title problem and policy implications /
260 ## - PUBLICATION, DISTRIBUTION, ETC. (IMPRINT)
Place of publication, distribution, etc New Delhi
Name of publisher, distributor, etc Regal Publications
Date of publication, distribution, etc 2012
270 ## - ADDRESS
Address F-159 Rajouri Garden
City New Delhi
Postal code 110027
300 ## - PHYSICAL DESCRIPTION
Extent xii,228p.
Dimensions 23cm(Hb)
500 ## - GENERAL NOTE
General note Includes index
942 ## - ADDED ENTRY ELEMENTS (KOHA)
Source of classification or shelving scheme Dewey Decimal Classification
Item type English Books
Call number suffix CHH
Classification part 331.763
Holdings
Withdrawn status Lost status Source of classification or shelving scheme Damaged status Not for loan Collection code Home library Current library Date acquired Source of acquisition Cost, normal purchase price Total Checkouts Full call number Barcode Date last seen Copy number Cost, replacement price Koha item type
    Dewey Decimal Classification   Not For Loan Non-fiction D.B.Act.Division D.B.Act.Division 07/12/2012 DBAD/PUB 850.00   331.763 CHH EN-89816 07/12/2012 1 850.00 English Books

© Delhi Public Library
Hit Counter
free hit counter